00303 a2200109 4500001000700000020000600007040001100013100001900024240007300043245006800116362000900184159632 a  cMagnum aLopes, Antonio10aEnciclopedia contemporanea de psicologia e relacoes humanas/v.2lpor10aEnciclopedia contemporanea de psicologia e relacoes humanas/v.20 a1899